|
|
|
|
| LEADER |
01446nam a2200253 a 4500 |
| 001 |
GR-MES16512 |
| 008 |
140612s gr 000 0 gre d |
| 040 |
|
|
|a GrPaTEI
|b gre
|c GR-PaULI
|
| 040 |
|
|
|a GrPaTEI
|b gre
|c GR-PaULI
|
| 100 |
1 |
|
|a Καστανάς, Νίκος
|
| 245 |
1 |
0 |
|a Συστήματα διαχείρισης περιεχομένου και η συμβολή τους στην κατασκευή εκπαιδευτικού ιστοτόπου για το μάθημα Ανάπτυξη Εφαρμογών /
|c Σπουδαστής: Νίκος Καστανάς ; Επιβλέπων: Χρήστος Φειδάς.
|
| 260 |
|
|
|a Μεσολόγγι :
|b ΤΕΙ Δυτικής Ελλάδας,
|c 2014
|
| 300 |
|
|
|a 89 σ. :
|b εικ.,σχημ.
|
| 504 |
|
|
|a βιβλιογραφία:σ.81
|
| 650 |
|
4 |
|a Πληροφοριακά συστήματα
|x Εκπαίδευση
|
| 650 |
|
4 |
|a Πτυχιακή εργασία
|y 2014
|
| 700 |
1 |
|
|a Φειδάς, Χρήστος
|
| 710 |
0 |
|
|a Σ.Δ.Ο..
|b Τμήμα Διοίκησης Επιχειρήσεων
|
| 710 |
0 |
|
|a ΤΕΙ Δυτικής Ελλάδας
|
| 856 |
4 |
0 |
|u https://nereus.library.upatras.gr/formermes//ptyxiakes/sdo/sdo_de/2011-2015/127pe.pdf
|
| 942 |
|
|
|2 ddc
|
| 952 |
|
|
|0 0
|1 0
|2 ddc
|4 0
|7 0
|9 274511
|a MSLG
|b MSLG
|c BSC
|d 2021-01-17
|e 24
|f 0
|g 0.00
|l 0
|p 24200127
|r 2021-01-17 00:00:00
|t 1
|v 2021.00
|w 2021-01-17
|y BK15
|x 20140612 0 K.G. 0
|x GrPaTEI
|
| 971 |
|
|
|a .b25825616
|b 16-04-20
|c 13-09-16
|
| 999 |
|
|
|c 158856
|d 158856
|